Autobahnausfahrten A12 (Österreich) - Statistiken

Allgemein
  • Dieses Quiz wurde 22 mal gespielt
  • Das Durchschnittsergebnis liegt bei 18 aus 28
Antwortstatistiken
Bundesland Antwort % Korrekt
Tirol Imst/Pitztal
100%
Tirol Innsbruck-Ost
100%
Tirol Innsbruck-West
100%
Tirol Schwaz
93%
Tirol Innsbruck-Mitte
87%
Tirol Wörgl-Ost
80%
Tirol Wörgl-West
80%
Tirol Kufstein-Nord
73%
Tirol Kufstein-Süd
73%
Tirol Wiesing
73%
Tirol Haiming/Ötztal
67%
Tirol Hall-Mitte
67%
Tirol Hall-West
67%
Tirol Jenbach
67%
Tirol Kramsach
67%
Tirol Völs/Kranebitten/Flughafen Innsbruck
67%
Tirol Wattens
67%
Tirol Kirchbichl
60%
Tirol Vomp
60%
Tirol Zams/Landeck-Ost
60%
Tirol Telfs-Ost
53%
Tirol Telfs-West
53%
Tirol Zirl-Ost
47%
Tirol Zirl-West
47%
Tirol Mils
40%
Tirol Mötz/Fernpass
40%
Tirol Schönwies
33%
Tirol Imst-Au
27%
Keine übereinstimmenden Quizze gefunden
Verteilung der Resultate
Anzahl Personen mit jedem Resultat
Perzentil nach korrekt beantworteten Fragen
Ihre Resultats-Entwicklung
Sie haben dieses Quiz noch nicht gespielt